00000000nam##2200000za#4500
0019.533626
003CaOODSP
00520210615083229
007ta
008150406|2000||||xxc|||||     f|0| 0 eng|d
020 |a0-662-64789-0
040 |aCaOODSP|beng
041 |aeng
041 |afre
043 |an-cn---
0861 |aC21-24/32-2000
1101 |aCanada.|bIndustry Canada. |bMicro-Economic Analysis Directorate.
24514|aThe Canada-U.S. productivity growth paradox / |cby Serge Coulombe.
260 |aOttawa - Ontario : |bIndustry Canada. |c2000.
300 |aEnglish text, 32p. : |bgraphs, references ; |c28 cm.
4901 |aWorking paper|vNo. 32
500 |a"In this study, we investigate the productivity paradox with an analysis of Canadian and US business sector productivity data since 1961. The main finding of our analysis is that business sector MFP (multifactor productivity) growth estimates provided by Statistics Canada in March 1999 are neither consistent over time nor comparable to U.S. estimates."--Abstract.
504 |aBibliography.
5203 |aIn this study, we investigate the productivity paradox with an analysis of Canadian and US business sector productivity data since 1961. The main finding of our analysis is that business sector MFP (multifactor productivity) growth estimates provided by Statistics Canada in March 1999 are neither consistent over time nor comparable to U.S. estimates.--Abstract
546 |aBilingual
563 |aSoftcover
590 |a00-30|b2000-07-28
69007|aIndustrial productivity|2gcpds
69007|aLabour|2gcpds
69007|aProductivity|2gcpds
69007|aEconomic conditions|2gcpds
7201 |aCoulombe, Serge
7760#|tLe paradoxe canado-américain de la croissance de la productivité / |w(CaOODSP)9.601258
7760#|tThe Canada-U.S. productivity growth paradox / |w(CaOODSP)9.570610
792 |tLe paradoxe canado-américain de la croissance de la productivité / |efre|w(CaOODSP)9.533627
830#0|aWorking paper ;|vNo. 32|w(CaOODSP)9.509052